| 000 | 00556nam a2200205Ia 4500 | ||
|---|---|---|---|
| 008 | 131103s9999 xx 000 0 und d | ||
| 020 |
_a8120325141 _cRs.250.00 |
||
| 040 | _aLoreto College | ||
| 041 | _aEnglish | ||
| 082 |
_a005.13(P)/NII _bLCLIB/48251 |
||
| 245 |
_aBasics of PERL _cNIIT |
||
| 260 |
_aNew Delhi _bPrentice-Hall of India _c2004 |
||
| 300 |
_ax,311p _c 20cm |
||
| 440 | _aEastern economy edition | ||
| 504 | _aIncludes glossary | ||
| 650 | _aProgramming languages | ||
| 651 | _aPERL | ||
| 850 | _aLCLIB/005.13(P)/NII | ||
| 942 | _cBK | ||
| 999 |
_c36800 _d87279 |
||